000 00745nam a2200253 c 4500
003 DO-SdBNP
005 20230417110527.0
006 a|||||r|||| 00| ud
007 ta
008 230417e2013 dr ||||gr|||| 001 edspa d
020 _a9789945471533
040 _aDO-SdBNP
_bspa
_cBNPHU
082 4 _222
_bN945t
100 1 _972175
_aNoboa, Ricky
245 1 0 _aTransparencia :
_bpensando. /
_cRicky Noboa
264 3 0 _aSanto Domingo :
_bamigos del Hogar,
_c2013
300 _a155 páginas ;
_c21 cm.
336 _2rdaconten
_atexto
_btxt
337 _2rdamedia
_asin medición
_bn
338 _2rdacarrier
_avolumen
_bnc
500 _aIncluye datos biográficos del autor en la página 151
590 _aInventariado 2022 / MF
942 _2ddc
_cLBS1
999 _c53278
_d53278